El Futuro de los gobiernos locales intermedios : ponencias ponencias
Descripción Física:
206 p. : fot., gràf. ; 30 cm
Materias:
Administració local -- Congressos
MARC
| LEADER | 00000nam a2200000Ia 4500 | ||
|---|---|---|---|
| 001 | 19946 | ||
| 008 | 160829s2008 xx 000 0 cat d | ||
| 080 | |a M-5-501 | ||
| 245 | |a El Futuro de los gobiernos locales intermedios : |b ponencias | ||
| 260 | |a Barcelona : |b Diputació de Barcelona. Àrea de Presidència, |c 2008 | ||
| 300 | |a 206 p. : |b fot., gràf. ; |c 30 cm | ||
| 590 | |a Hi ha un exemplar en català amb R. 19945 | ||
| 650 | |a Administració local |x Congressos |9 27317 | ||
| 710 | |a Barcelona (Catalunya : Província). |b Àrea de Presidència |9 52558 | ||
| 901 | |a Arxiu | ||
| 942 | |n 1 | ||
| 952 | |0 0 |1 0 |4 0 |6 M5501 |7 1 |9 51836 |a Arxiu |b Arxiu |d 2016-12-01 |l 0 |o M-5-501 |p 19946 |r 2016-12-01 00:00:00 |w 2016-12-01 |y ARXIU | ||
| 999 | |c 55682 |d 55682 | ||